[Event "Panevezys Elite Open 2020"]
[Site "Panevezys"]
[Date "2020.06.28"]
[Round "4.4"]
[White "Brazdzionis, Andrius"]
[Black "Meshkovs, Nikita"]
[Result "0-1"]
[WhiteElo "2342"]
[BlackElo "2582"]
[Annotator "TA"]
[PlyCount "120"]
[EventDate "2020.06.26"]
[EventType "swiss"]
[EventCountry "LTU"]
[SourceTitle "playchess.com"]
[Source "ChessBase"]
[SourceQuality "1"]

{[%evp 9,120,28,26,30,27,27,33,45,32,12,12,0,29,6,29,0,17,0,35,10,16,21,47,0,0,-14,-10,-8,-15,-20,-14,-18,0,0,0,-27,-12,-19,0,-24,-24,-28,0,0,-7,-45,-32,-68,-72,-79,-32,-30,-34,-72,-57,-81,-84,-72,-57,-58,-38,-140,-127,-131,-142,-145,-128,-137,-98,-131,-126,-216,-140,-140,-86,-417,-275,-258,-256,-541,-539,-487,-520,-558,-558,-1054,-1033,-29978,-29979,-4982,-489,-574,-277,-477,-359,-818,-778,-782,-776,-1238,-1222,-1145,-1096,-1414,-1436,-1614,-1482,-29977,-29978,-29980,-29981,-29970,-29971]} 1. d4 Nf6 2. c4 e6 3. Nf3 a6 4. Nc3 d5 5. cxd5 exd5 6. Bg5 {D37: Queen's Gambit Declined: 5 Bf4.} Be6 7. e3 Nbd7 8. Bd3 {White is slightly better.} Bd6 9. Bh4 c6 10. Bg3 Qc7 11. Qc2 h6 12. O-O O-O 13. Rfc1 {[#]} Rac8 $146 ({Predecessor:} 13... Bxg3 14. hxg3 Rfc8 15. Na4 b6 16. b4 Qb7 17. Rab1 a5 18. a3 axb4 19. axb4 Qa7 {½-½ (50) Calabrese,C (2139)-Bolignano,G (2288) ICCF email 2013}) 14. a3 Ne8 15. Na4 Bg4 16. Bh7+ Kh8 17. Bf5 Bxf5 18. Qxf5 Bxg3 19. hxg3 Nd6 20. Qh3 Ne4 21. g4 Kg8 22. Nc3 Qd6 23. Ne2 c5 24. dxc5 Ndxc5 {[%cal Bd7c5,Bc5a4,Ba4b6,Bb6c4][%mdl 32]} 25. Nfd4 Qf6 26. f3 Nd6 27. Rc3 Na4 28. Rxc8 Rxc8 29. Qh5 Qe7 30. Qxd5 Qxe3+ 31. Kh2 Qe7 32. b4 Nb6 33. Qb3 Nbc4 34. Rc1 b5 35. Qd3 (35. a4 $15) 35... Re8 $17 36. Kg1 Qa7 37. Kh1 Re3 38. Qd1 Rxa3 39. Nc6 Qf2 {[#] Hoping for ...Ne3!} 40. Ne7+ (40. Nf4 $17 {was called for.}) 40... Kh7 41. Nd5 Ra2 $40 {[%mdl 128] Black attacks with force.} ({Black should play} 41... Rxf3 42. gxf3 Qxf3+ 43. Kg1 (43. Kh2 Ne4 $17) 43... Qxg4+ 44. Kf1 Ne4) 42. Qd3+ $2 {[%mdl 8192] Loses the game.} (42. Rc2 $17 Rxc2 43. Qxc2+ Kh8 44. Qd1) 42... f5 43. Nef4 Rd2 44. Qc3 $2 (44. Qb1 {was the only defense.}) 44... Qh4+ $19 45. Kg1 fxg4 46. fxg4 {If only White now had time for Qf3....} Qf2+ 47. Kh1 Ne4 48. Qa1 Qh4+ {[%mdl 64] Double Attack} 49. Kg1 {[#]} Qxg4 (49... Ne3 $142 $1 {[%mdl 512]} 50. Nxe3 Qf2+ {[%mdl 64] Double Attack} 51. Kh1 Ng3+ 52. Kh2 Qxf4 53. Qb1+ g6) 50. Qb1 Qf5 (50... Rd4 $142 {And now ...Ncd2 would win.} 51. Qb3 Qh4) 51. Re1 $2 (51. Nc3 Rd4 52. Nxe4 Rxe4 53. Ne2) 51... Ncd6 (51... Rxd5 $2 52. Nxd5 Ncd2 53. Qd1 $19) 52. Qc1 $2 (52. Rd1 Nc4 53. Rxd2 Ncxd2 54. Qd3) 52... Rxd5 53. Nxd5 Qxd5 54. Qf4 Qd4+ 55. Kh2 Qxb4 56. Rd1 Qc5 {White must now prevent ...Qh5+.} 57. Ra1 b4 {[%cal Bb5b4,Bb4b3,Bb3b2][%mdl 32]} 58. Rxa6 b3 {Black mates.} 59. Ra8 b2 60. Rb8 Qh5+ {Accuracy: White = 46%, Black = 66%.} 0-1

[Event "Panevezys Elite Open 2020"]
[Site "Panevezys"]
[Date "2020.06.28"]
[Round "4.5"]
[White "Starostits, Ilmars"]
[Black "Baum, Jonasz"]
[Result "1/2-1/2"]
[WhiteElo "2490"]
[BlackElo "2373"]
[Annotator "TA"]
[PlyCount "63"]
[EventDate "2020.06.26"]
[EventType "swiss"]
[EventCountry "LTU"]
[SourceTitle "playchess.com"]
[Source "ChessBase"]
[SourceQuality "1"]

{[%evp 18,63,0,0,1,4,10,0,0,-33,-46,-51,-48,-90,-82,-75,-29,-32,0,0,16,-4,43,20,194,193,196,29,36,56,139,164,139,31,13,27,137,105,120,114,119,0,0,0,0,0,0,0]} 1. d4 Nf6 2. Nf3 e6 3. e3 b6 4. Bd3 Bb7 5. O-O Be7 6. Nbd2 c5 7. b3 O-O 8. Bb2 Nc6 9. a3 Rc8 10. Re1 d5 {A47: 1 d4 Nf6 2 Nf3 b6: Torre, London and Colle Systems.} 11. Qe2 Na5 {[#]} 12. Ne5 $146 ({Predecessor:} 12. dxc5 bxc5 13. Rab1 Ne4 14. Bxe4 dxe4 15. Ne5 f6 16. Nec4 Nxc4 17. Nxc4 Rf7 18. Red1 {1-0 (56) Anton Guijarro,D (2475)-Pogorelov,R (2408) Zaragoza 2012}) 12... Ne4 13. Bxe4 dxe4 14. dxc5 Rxc5 15. Nec4 Nxc4 16. Nxc4 b5 17. Na5 Ba8 ({Much worse is} 17... Qxa5 $6 18. b4 $14) 18. b4 $36 {[%mdl 2048] Black is under pressure.} Rg5 19. Red1 Qc7 20. c4 f5 $2 (20... bxc4 $1 $11 {and Black is okay.} 21. Qxc4 Qxc4 22. Nxc4 Rd5) 21. cxb5 $18 Bd6 22. Rac1 $2 (22. g3 $18) 22... Bxh2+ $11 23. Kh1 Qf7 $1 {Hoping for ...f4.} 24. Kxh2 f4 {[#]} 25. exf4 ({Only move:} 25. g3 $1 $16 f3 26. Qf1 Rh5+ 27. Kg1) 25... Qxf4+ $14 26. g3 Qxf2+ (26... Qf5 $1 $11 {remains equal.} 27. Kg2 Rh5) 27. Qxf2 $16 Rxf2+ {[#]} 28. Kh3 $1 h6 29. Rd8+ ({Better is} 29. Rc5 $16 e3 30. Rd8+ {[%mdl 64] Double Attack} Kh7 31. Rxa8 Rxc5 32. bxc5 Rxb2 33. Re8 Rxb5 34. Nc6) 29... Kh7 $11 {The position is equal.} 30. Bxg7 {Strongly threatening Bf6.} Rh5+ 31. Kg4 Rg5+ {[%mdl 64] Double Attack} 32. Kh3 {Accuracy: White = 67%, Black = 64%.} 1/2-1/2

[Event "Panevezys Elite Open 2020"]
[Site "Panevezys"]
[Date "2020.06.28"]
[Round "4.6"]
[White "Valantiejus, Vaidotas"]
[Black "Malisauskas, Vidmantas"]
[Result "0-1"]
[WhiteElo "2082"]
[BlackElo "2423"]
[Annotator "TA"]
[PlyCount "64"]
[EventDate "2020.06.26"]
[EventType "swiss"]
[EventCountry "LTU"]
[SourceTitle "playchess.com"]
[Source "ChessBase"]
[SourceQuality "1"]

{[%evp 31,64,0,0,0,0,-46,-25,-41,-41,-26,-38,-27,-29,-198,-201,-162,-188,-195,-210,-242,-234,-333,-332,-318,-310,-462,-427,-591,-467,-527,-500,-488,-489,-480,-474]} 1. e4 c5 2. Nf3 d6 3. d4 cxd4 4. Nxd4 Nf6 5. Nc3 a6 6. Bg5 e6 7. f4 Qb6 8. Qd2 Qxb2 9. Rb1 Qa3 10. f5 Nc6 11. fxe6 fxe6 12. Nxc6 bxc6 13. e5 dxe5 14. Bxf6 gxf6 15. Ne4 Be7 16. Be2 h5 $1 (16... Qxa2 17. Bh5+ Kf8 18. Qh6+ Kg8 19. Nxf6+ Bxf6 20. O-O Qxb1 21. Bf7+ Kxf7 22. Qxf6+ (22. Rxb1 Ke7 $17) 22... Ke8 23. Qxh8+ Ke7 24. Qf8+ Kd7 25. Rxb1) 17. Rf1 {B97: Sicilian Najdorf: Poisoned Pawn.} f5 18. Rb3 (18. Rf3 $5 {[%cal Rf3a3]} Qxa2 19. Nc3 $19) 18... Qa4 $1 {[%cal Ra4e4]} 19. Nd6+ $1 {Black has an edge.} Bxd6 $1 20. Qxd6 Qa5+ $1 21. Kf2 Qd5 {[#]} 22. Qa3 $146 {[#]} (22. Qc7 $1 $11 {and White stays safe.} Qc5+ 23. Kg3) ({Predecessor:} 22. Qc7 Qd4+ 23. Ke1 Bd7 24. Rd3 Rc8 25. Qa5 Qh4+ 26. Rf2 e4 27. Rh3 Qf6 28. Bxh5+ Rxh5 29. Rxh5 {0-1 (34) Nordal,S (2349)-Blanco Gramajo,C (2577) ICCF webserver 2004}) 22... Qd4+ $1 $19 23. Ke1 e4 24. Qc1 Ra7 25. c3 Qe5 26. Qe3 (26. g3 $142) 26... Rg7 27. g3 h4 {[%cal Rh4g3]} 28. g4 (28. Qf4 {was worth a try.} Qc5 29. Qb8) 28... Qxh2 {Black is clearly winning.} 29. c4 O-O 30. g5 {[#]} Qg3+ $1 31. Qxg3 hxg3 32. Rxg3 f4 {Black took control after the opening. Accuracy: White = 31%, Black = 95%.} 0-1

[Event "Panevezys Elite Open 2020"]
[Site "Panevezys"]
[Date "2020.06.28"]
[Round "4.7"]
[White "Aleknavicius, Andrius"]
[Black "Laurusas, Tomas"]
[Result "1-0"]
[WhiteElo "1895"]
[BlackElo "2511"]
[Annotator "TA"]
[PlyCount "111"]
[EventDate "2020.06.26"]
[EventType "swiss"]
[EventCountry "LTU"]
[SourceTitle "playchess.com"]
[Source "ChessBase"]
[SourceQuality "1"]

{[%evp 9,111,1,13,11,60,6,47,19,32,20,20,21,16,6,17,0,37,41,49,60,42,20,23,0,15,0,20,11,14,12,12,4,22,-7,0,0,0,-15,4,4,14,17,11,0,0,-10,-6,0,0,0,0,0,13,4,14,0,24,7,111,122,87,93,141,135,130,135,93,63,80,51,57,13,57,57,57,41,72,0,0,0,0,0,148,74,74,77,83,74,74,74,216,195,332,341,290,171,969,758,29974,29975,29977,29978,29993,29994]} 1. d4 Nf6 2. Bf4 d5 3. e3 c5 4. Nf3 Nc6 5. Nbd2 Bg4 6. c3 {D02: 1 d4 d5 2 Nf3 sidelines, including 2...Nf6 3 g3 and 2...Nf6 3 Bf4.} Qb6 7. Qb3 (7. dxc5 $14 Qxb2 8. Rb1 Qxc3 9. Rxb7 Qxc5 10. Qb1 Bxf3 11. Nxf3 Qc3+ 12. Kd1) 7... e6 (7... c4 $5 {[%cal Rc4b3]} 8. Qxb6 axb6 $11) 8. h3 {White is slightly better.} Bf5 9. dxc5 Bxc5 {[#]} 10. Nd4 $146 ({Predecessor:} 10. Nh4 Be4 11. Nxe4 Nxe4 12. Nf3 O-O 13. Be2 Rfe8 14. Qxb6 Bxb6 15. Bh2 a6 16. O-O {1-0 (34) Zahn,F (1947)-Stern,P (1764) Bremen 2018}) 10... Bg6 11. N2f3 O-O 12. Be2 Rac8 13. Nxc6 Rxc6 14. Ne5 Rcc8 15. Nxg6 hxg6 16. O-O a6 17. Rfd1 Qa7 18. Bf3 Bb6 19. Rac1 Rc4 20. Bg3 Rfc8 21. Kh1 Ne4 22. Bxe4 $1 Rxe4 23. Rc2 Bd8 24. Rd4 b5 25. Rxe4 dxe4 26. Qb4 Qd7 27. Qd6 Qxd6 28. Bxd6 $11 {[%mdl 4096] Endgame KRB-KRB} Bf6 29. g4 Rd8 30. Bc5 Rd5 31. Bd4 e5 32. Bb6 Bh4 33. b3 f5 (33... Bd8 $11 34. Bxd8 Rxd8) 34. c4 $1 $16 {[%cal Rc4d5]} Rd1+ 35. Kh2 $1 bxc4 36. bxc4 Bd8 37. Bxd8 Rxd8 {KR-KR} 38. Kg3 {c5 is the strong threat.} Kf7 $1 39. Rb2 f4+ 40. Kh4 {White wants to play Kg5.} Rd3 41. exf4 exf4 42. Kg5 $1 Rf3 43. Re2 ({White should try} 43. c5 $16) 43... e3 $11 44. fxe3 fxe3 45. h4 Rh3 (45... Ke6 $1 $11) 46. Kf4 ({White should play} 46. c5) 46... Rxh4 $16 47. Rxe3 Rh2 48. Ra3 Rc2 {[#]} 49. Ra4 $1 Rf2+ {[#] Black cannot hold the game after this.} (49... Ke7 $16 {might work better.}) 50. Ke5 $1 $18 Rf6 (50... Re2+ $142 51. Kd5 Rd2+ 52. Kc5 Rg2) 51. c5 {[%cal Bc4c5,Bc5c6][%mdl 32]} g5 52. Kd5 (52. Rb4 $142) 52... Rf4 $2 (52... Ke7 53. c6 Kd8 54. Rxa6 Rf4 55. Ra8+ Kc7 56. Ra7+ Kb8 57. Rb7+ (57. Rxg7 Rxg4 58. Rg8+ Kc7 $16) 57... Kc8 58. Rxg7 Rxg4) 53. Rxa6 Rxg4 54. c6 {White mates.} Ke7 55. Ra8 Ra4 56. Rxa4 {Accuracy: White = 77%, Black = 60%.} 1-0

[Event "Panevezys Elite Open 2020"]
[Site "Panevezys"]
[Date "2020.06.28"]
[Round "4.8"]
[White "Dambrauskas, Virginijus"]
[Black "Bagdanskis, Dangis"]
[Result "1-0"]
[WhiteElo "2246"]
[BlackElo "1916"]
[Annotator "TA"]
[PlyCount "73"]
[EventDate "2020.06.26"]
[EventType "swiss"]
[EventCountry "LTU"]
[SourceTitle "playchess.com"]
[Source "ChessBase"]
[SourceQuality "1"]

{[%evp 12,73,32,27,47,22,25,21,25,9,33,30,45,27,30,21,29,15,28,16,72,64,201,195,210,189,205,173,164,158,304,294,308,302,310,306,330,329,405,361,366,354,431,437,445,441,438,429,535,535,535,535,535,535,524,500,535,535,786,772,756,728,715,701]} 1. d4 d5 2. c4 e6 3. Nc3 Nf6 4. Nf3 Nbd7 5. Bg5 Bb4 6. cxd5 exd5 7. e3 h6 {D38: Queen's Gambit Declined: Ragozin Defence (4 Nf3 Bb4).} 8. Bxf6 (8. Bh4 {is interesting.} c5 9. Be2 g5 10. Bg3 Ne4 11. Rc1) 8... Bxc3+ 9. bxc3 Nxf6 {[#] The position is equal.} 10. Qb3 $146 ({Predecessor:} 10. Bd3 O-O 11. O-O Bg4 12. Rb1 b6 13. h3 Bh5 14. Rc1 c5 15. dxc5 bxc5 16. c4 dxc4 17. Bxc4 {½-½ (52) Kaczmarek,R (1951)-Hackenberg,T (1933) ICCF email 2017}) 10... c6 11. Bd3 Qc7 12. Rb1 O-O 13. O-O b5 14. Qc2 Re8 15. Rfe1 g6 (15... Be6 $11) 16. Ne5 Kg7 {[#] This costs Black the game.} ({Better is} 16... a6 $14) 17. Bxg6 $1 $18 {[%mdl 512]} Rxe5 (17... fxg6 18. Qxg6+) 18. dxe5 Qxe5 19. f4 Qe7 {[#]} 20. Bd3 $1 Ne4 (20... Qc5 $16 {keeps fighting.} 21. Rbc1 Bd7) 21. Bxe4 Qxe4 22. Qxe4 dxe4 {[%mdl 4096] Endgame KRR-KRB} 23. a4 a6 24. Rb4 f5 25. axb5 axb5 26. c4 bxc4 27. Rxc4 {White is clearly winning.} Ra6 28. Rec1 Bd7 29. Rd4 Be6 30. Rd6 Bd5 31. Rb1 Ra7 32. Kf2 Rf7 33. Rb8 Rc7 34. Rbd8 Ra7 35. R8d7+ Rxd7 36. Rxd7+ Bf7 37. Rc7 {Accuracy: White = 91%, Black = 55%.} 1-0

[Event "Panevezys Elite Open 2020"]
[Site "Panevezys"]
[Date "2020.06.28"]
[Round "4.9"]
[White "Povilaitis, Tomas"]
[Black "Golubovskis, Maksims"]
[Result "0-1"]
[WhiteElo "1832"]
[BlackElo "2062"]
[Annotator "TA"]
[PlyCount "62"]
[EventDate "2020.06.26"]
[EventType "swiss"]
[EventCountry "LTU"]
[SourceTitle "playchess.com"]
[Source "ChessBase"]
[SourceQuality "1"]

{[%evp 9,62,73,70,27,15,0,11,-6,10,0,6,0,-8,-37,-6,-6,-1,-23,0,0,0,0,0,0,41,38,64,39,71,61,58,14,26,25,33,-8,-11,-22,-36,-96,-101,-127,-120,-328,-325,-310,-306,-395,-393,-400,-394,-406,-411,-801,-799]} 1. e4 e5 2. Nf3 Qe7 3. Nc3 c6 4. d4 d6 5. Be3 Nf6 6. dxe5 {C41: Philidor Defence.} dxe5 7. h3 Qc7 {[#]} 8. Bc4 $146 {[#] Hoping for Ng5.The position is equal.} ({Predecessor:} 8. a3 Be7 9. Bc4 O-O 10. Qe2 Nbd7 11. O-O b5 12. Ba2 a5 13. Rfd1 Nc5 14. Bxc5 Bxc5 {1-0 (31) Boey,J (2277)-Bondick,K (2154) Arvier 2006}) 8... Bb4 9. Qd3 b5 $132 {[%mdl 2048] Black puts up resistance} 10. Bb3 O-O 11. Rd1 c5 {[#] And now ...c4 would win.} 12. Bd5 $1 {[%cal Rd5a8]} ({Don't go for} 12. Qxb5 $2 Ba6 $19) 12... Nxd5 13. exd5 Qd6 14. O-O c4 15. Qd2 $1 Rd8 16. a3 Ba5 (16... Bxc3 $5 17. Qxc3 f6 $11) 17. b4 cxb3 $1 18. cxb3 Bxc3 $1 19. Qxc3 {Black must now prevent Bc5.} f6 20. Bc5 Qc7 21. b4 Bb7 22. Qb3 Qf7 23. Qd3 a6 24. Qf5 (24. Nh4 $15) 24... Bxd5 $17 25. Bb6 Re8 26. Qd3 $2 {Now White is beyond hope.} (26. Rfe1 $17 {keeps fighting.}) 26... Bc4 $19 27. Qe4 Nd7 28. Ba5 Bxf1 29. Kxf1 Nf8 30. Kg1 Rac8 31. Nh4 (31. Qe3 $142) 31... Rc4 {Accuracy: White = 53%, Black = 91%.} 0-1

[Event "Panevezys Elite Open 2020"]
[Site "Panevezys"]
[Date "2020.06.28"]
[Round "4.10"]
[White "Boyajyan, David"]
[Black "Golsta, Madara"]
[Result "1-0"]
[WhiteElo "1949"]
[BlackElo "1903"]
[Annotator "TA"]
[PlyCount "61"]
[EventDate "2020.06.26"]
[EventType "swiss"]
[EventCountry "LTU"]
[SourceTitle "playchess.com"]
[Source "ChessBase"]
[SourceQuality "1"]

{[%evp 9,61,46,62,71,106,35,101,93,97,99,99,99,97,100,198,202,193,191,230,224,227,209,228,228,227,225,226,227,223,219,250,240,255,251,337,286,286,277,284,284,355,381,366,329,328,324,382,365,402,401,502,481,487,475]} 1. d4 Nf6 2. c4 g6 3. h4 h5 4. Nc3 d5 5. Bg5 dxc4 6. e4 {E60: King's Indian: Unusual lines and Fianchetto Variation without Nc3.} c5 {[#]} 7. Bxc4 $146 ({Better is} 7. dxc5 $16 {Hoping for Qxd8+.} Qa5 8. Bxc4) ({Predecessor:} 7. d5 Qa5 8. Bxf6 exf6 9. Bxc4 Bd6 10. Nge2 O-O 11. O-O a6 12. a4 Nd7 13. f4 {½-½ (56) Kock,H (2004)-Schulz,P (2068) Radebeul 2016}) 7... Bg7 ({Black should try} 7... cxd4 $14 8. Nf3 Nc6) 8. dxc5 $16 {And now Qxd8+ would win. Black is now going downhill.White is better.} Qa5 {[#]} 9. Qb3 $1 O-O 10. e5 Ne4 11. Bxe7 Nxc5 (11... Nd7 $16 {was called for.}) 12. Qb5 $18 Qxb5 13. Bxb5 Ne6 14. Bxf8 Kxf8 15. Nf3 Nd7 16. O-O-O Nxe5 17. Nxe5 Bxe5 18. Rhe1 Bf6 19. g3 Nc7 20. Bd7 Ne6 21. Ne4 Bg7 22. Ng5 Bh6 23. Kb1 Bxd7 24. Rxd7 {[%mdl 64] [#] Double Attack} Nxg5 25. hxg5 Bxg5 26. Rxb7 {KRR-KRB} a5 27. Rd1 Re8 28. Rb5 Bf6 29. Rxa5 Re2 30. Rb5 Rxf2 31. a4 {Accuracy: White = 92%, Black = 42%.} 1-0

[Event "Panevezys Elite Open 2020"]
[Site "Panevezys"]
[Date "2020.06.28"]
[Round "4.11"]
[White "Krivonosov, Oleg"]
[Black "Jablokov, Dmitrij"]
[Result "1-0"]
[WhiteElo "2391"]
[BlackElo "1962"]
[Annotator "TA"]
[PlyCount "169"]
[EventDate "2020.06.26"]
[EventType "swiss"]
[EventCountry "LTU"]
[SourceTitle "playchess.com"]
[Source "ChessBase"]
[SourceQuality "1"]

{[%evp 16,169,23,21,34,21,47,51,74,63,68,45,51,56,62,46,42,39,50,20,24,14,0,-30,-28,-49,-20,-22,0,-14,0,0,45,0,0,0,0,0,5,0,34,27,16,-12,12,11,15,15,9,0,0,-83,-87,-64,8,8,8,8,3,2,10,3,4,0,15,0,6,6,9,0,0,-16,-14,-16,0,-14,0,-9,0,0,0,0,38,38,38,38,38,38,38,38,38,27,27,28,33,30,38,38,38,38,38,38,48,38,37,37,37,30,38,21,42,37,37,35,42,30,30,0,44,31,43,28,142,143,148,146,147,156,161,162,158,137,172,175,167,153,164,131,142,142,147,127,133,125,173,165,194,189,195,165,194,181,194,194,284,284]} 1. Nf3 Nf6 2. c4 g6 3. b3 Bg7 4. Bb2 O-O 5. g3 c6 6. Bg2 d5 7. O-O Bg4 8. d3 Bxf3 9. Bxf3 d4 {[#] A11: English Opening: 1...c6.} 10. Nd2 $146 ({Predecessor:} 10. e4 e5 11. Ba3 Re8 12. Bg2 h5 13. Bc1 Nbd7 14. Bg5 Qc7 15. Bh3 Nh7 16. Bc1 h4 17. gxh4 {1-0 (60) Buckels,V (2443)-Roseneck,J (2403) Willingen 2019}) 10... Nfd7 11. b4 Qc7 {White is slightly better.} 12. Nb3 e5 13. a4 Nf6 14. a5 a6 15. Ba3 Nbd7 16. Nd2 Rfe8 17. Qa4 h5 18. Rab1 h4 19. Rfc1 Bh6 20. Rc2 hxg3 21. hxg3 Nf8 {[%cal Bd7f8,Bf8e6,Be6c5][%mdl 32]} 22. Bc1 Ne6 23. b5 {[%cal Rb5c6]} Nc5 24. Qa3 Bf8 25. bxc6 bxc6 26. Qa1 Rab8 27. Rcb2 Rxb2 28. Qxb2 Nfd7 29. Ne4 Qxa5 30. Nxc5 Qxc5 31. Qa2 Rb8 32. Rxb8 Nxb8 33. Qb3 {[#]} (33. Bd2 $11) 33... Qb4 $1 $17 {[%cal Rb4b3]} 34. Qc2 c5 ({Black should try} 34... a5 $15 35. Bd2 Qa3) 35. Bd2 $11 Qb6 $1 36. Qa4 $36 {[%mdl 2048] Qe8 is the strong threat. White has the initiative.} Qd8 37. Bd5 Bd6 (37... Kg7 {feels hotter.} 38. e4 Be7 39. Qb3 Bd6 40. Kg2 Qc7) 38. Kg2 Qd7 39. Qa1 (39. Qb3 {is more complex.} Qc8 40. Bg5 Qc7 41. Qa4 Qc8 42. Qa5) 39... Qc8 40. Qa4 Qd7 41. Qa3 (41. Qa5 {seems wilder.} Qc7 42. Qa2 Qd7 43. Qb3 Qc7 44. Bg5) 41... Qa7 42. Qc1 Nd7 43. Ba5 {With the idea Qg5!} Nf6 44. Bf3 Bc7 45. Bd2 Bd6 46. Qd1 Qd7 47. Qa1 Qa7 48. Qa4 Qb6 49. Ba5 $1 {[%cal Ra5b6]} Qa7 50. Qc6 Qe7 51. Qxa6 Kg7 52. Qa8 Qe8 53. Qb7 Qd7 54. Qb5 Qe7 55. Qb1 Qa7 56. Bd2 Qb8 57. Qc1 Qh8 58. Bg5 Qc8 59. Qb1 Nh7 60. Bd2 Nf6 61. Qb5 Qc7 62. Bc6 Be7 63. Ba5 Qc8 64. Bb6 Qf8 65. Qa5 Qc8 66. Qb5 Qf8 67. Bb7 Qb8 68. Qc6 {Hoping for Bc7.} (68. Ba5 {keeps more tension.} Bd6 69. Qa6 Be7 70. Bd2 Ne8 71. Bf3) 68... Qd6 {[#] White leaves nothing to chance now.} (68... Qh8 $11) 69. Bc7 $1 $16 {[%cal Rc7d6]} Qxc6+ 70. Bxc6 {[%mdl 4096] Endgame KBB-KBN} Ng4 71. Bf3 Nf6 72. Bxe5 Kf8 73. e3 dxe3 74. fxe3 Nd7 75. Bc3 Bf6 76. Bd2 Ke7 77. Be2 Kd6 78. Kf2 Be5 79. g4 f5 80. Bf3 Nf6 81. gxf5 gxf5 82. Ke2 Nh7 83. Bc1 Kc7 84. Bd5 Nf6 (84... Ng5 $142 85. d4 Bd6) 85. Be6 {Accuracy: White = 90%, Black = 84%.} 1-0

[Event "Panevezys Elite Open 2020"]
[Site "Panevezys"]
[Date "2020.06.28"]
[Round "4.12"]
[White "Butvilas, Aistis"]
[Black "Birmans, Daniels"]
[Result "1-0"]
[WhiteElo "2103"]
[BlackElo "1534"]
[Annotator "TA"]
[PlyCount "85"]
[EventDate "2020.06.26"]
[EventType "swiss"]
[EventCountry "LTU"]
[SourceTitle "playchess.com"]
[Source "ChessBase"]
[SourceQuality "1"]

{[%evp 16,85,36,45,39,34,31,37,40,44,51,29,43,47,111,113,110,86,139,128,333,299,647,260,238,228,373,369,434,293,281,276,415,412,485,477,549,356,346,199,197,195,204,120,437,366,697,697,693,695,898,911,879,681,800,904,912,933,916,912,896,877,882,835,1535,1548,6295,5695,29989,29990,29990,29985]} 1. d4 Nf6 2. c4 c5 3. d5 b5 4. cxb5 a6 5. e3 axb5 6. Bxb5 Qa5+ 7. Nc3 Bb7 8. Bd2 Qb6 9. Nf3 {And now Qb3 would win.} Nxd5 {A57: Benko/Volga Gambit.} 10. a4 e6 11. O-O Be7 {White is slightly better.} 12. e4 Nxc3 13. Bxc3 O-O 14. Ne5 $36 {[%mdl 2048] White has good play.} d5 (14... d6 $14 15. Nc4 Qc7) 15. exd5 $16 exd5 16. Re1 Bf6 (16... d4 $142) 17. b4 {[#]} Rd8 $146 (17... cxb4 $16 18. Bxb4 Rc8) ({Predecessor:} 17... Bxe5 18. Rxe5 d4 19. Bd2 cxb4 20. Bxb4 Qg6 21. Bf1 Rd8 22. Be7 Rd7 23. Rg5 Qh6 {0-1 (58) Lodici,L (2421)-Montilli,V (2247) Cosenza 2017}) 18. bxc5 $18 Qxc5 $2 {[#]} (18... Qc7 19. Bd4 Bxe5) 19. Bd4 (19. Nxf7 $142 $1 {[%mdl 512]} Kxf7 20. Qh5+ Kg8 21. Bd3) 19... Qd6 20. Rc1 {Threatens to win with Nxf7!} Bxe5 (20... Na6 $142 21. Nc6 Rf8 22. Bxf6 Qxf6) 21. Bxe5 ({Weaker is} 21. Rxe5 Nc6 $14) 21... Qg6 22. Bd3 Qg5 23. Bc7 Rf8 (23... d4 $142 24. g3 Rf8) 24. Bd6 d4 {[%csl Gb7][%cal Rg5g2]} 25. f3 Nd7 26. Bxf8 Nxf8 27. Be4 (27. Bc4 $142) 27... Bxe4 28. Rxe4 Ne6 {[#]} 29. g3 (29. Qe1 $1 $18) 29... Nc5 $2 {[%mdl 8192]} (29... g6 $16 {is a better chance.} 30. Kg2 Qd5) 30. Rxd4 Nb3 $2 (30... g6 31. Rd5 Qe3+ 32. Kg2 Ne6) 31. f4 ({Not} 31. Qxb3 Qxc1+ 32. Kg2 Rc8 $16) 31... Qf6 32. Rd6 (32. Qxb3 Qxd4+ 33. Kf1 Qe4 $14) 32... Qe7 33. Rc3 ({Less strong is} 33. Qxb3 Qxd6 34. Qb7 Qd4+ 35. Kg2 Re8 $14) 33... Na5 34. Rcd3 {White wants to mate with Rd8+.} h6 35. Rd8+ Rxd8 36. Rxd8+ {[%mdl 4096] Endgame KQR-KQN} Kh7 37. Qd3+ g6 38. Kg2 Nc6 39. Rd7 Qe6 40. Qd5 Qe2+ {[#]} 41. Kh3 $1 Ne5 42. Qxe5 Qf1+ 43. Kg4 {White took control after the opening. Accuracy: White = 61%, Black = 25%.} 1-0